000 01046nam a22002297a 4500
003 AM-YEHGA
005 20250617163907.0
008 210816b ||||| |||| 00| 0 rus d
040 _aAM-YeHGA
041 0 _arus
100 1 _aПанин, Алексей Сергеевич.
245 1 0 _aПенодиатомовые теплоизоляционные изделия :
_b[Инзен. диатомовый комбинат] /
_cА. С. Панин, А. А. Лизогуб, К. В. Гусева ; Науч.-исслед. ин-т по строительству "НИИ-200".
260 _aМосква :
_bЦБТИ,
_c1962.
300 _a32 с.,
_bил.
500 _aАвт. указаны на обороте тит. л.: А. С. Панин, А. А. Лизогуб и К. В. Гусева
653 0 _aТеплоизоляционные материалы, пенодиатомовые
700 1 _aЛизогуб, А. А.
700 1 _aГусева, К. В.
942 _2udc
_cBK
001 1786241
090 _c518262
999 _c514729
_d514729